MARC details
| 000 -LEADER |
| fixed length control field |
01002nam a2200253 a 4500 |
| 008 - FIXED-LENGTH DATA ELEMENTS--GENERAL INFORMATION |
| fixed length control field |
181015s2011 ||||||||||||||||| || u |
| 020 ## - INTERNATIONAL STANDARD BOOK NUMBER |
| International Standard Book Number |
9780857295248 |
| 020 ## - INTERNATIONAL STANDARD BOOK NUMBER |
| International Standard Book Number |
0857295241 |
| 050 ## - LIBRARY OF CONGRESS CALL NUMBER |
| Classification number |
Q 325.5 Vel |
| 100 ## - MAIN ENTRY--PERSONAL NAME |
| Personal name |
Veloso, Adriano |
| 245 10 - TITLE STATEMENT |
| Title |
Demand-driven associative classification |
| Statement of responsibility, etc. |
Adriano Veloso, Wagner Meira Jr. |
| 260 ## - PUBLICATION, DISTRIBUTION, ETC. |
| Place of publication, distribution, etc. |
London: |
| Name of publisher, distributor, etc. |
Springer |
| Date of publication, distribution, etc. |
2011 |
| 300 ## - PHYSICAL DESCRIPTION |
| Extent |
xiii, 112 p. : ill. ; 24 cm. |
| 350 ## - PRICE (NR) (BK AM CF MU VM SE) [OBSOLETE] |
| Price |
45.14 |
| 490 ## - SERIES STATEMENT |
| Series statement |
SpringerBriefs in computer science |
| 500 ## - GENERAL NOTE |
| General note |
Includes bibliographical references and index. |
| 650 #0 - SUBJECT ADDED ENTRY--TOPICAL TERM |
| Topical term or geographic name entry element |
INFORMATION RETRIEVAL |
| 650 #0 - SUBJECT ADDED ENTRY--TOPICAL TERM |
| Topical term or geographic name entry element |
MACHINE LEARNING |
| 650 #0 - SUBJECT ADDED ENTRY--TOPICAL TERM |
| Topical term or geographic name entry element |
DATABASE MANAGEMENT |
| 700 ## - ADDED ENTRY--PERSONAL NAME |
| Personal name |
Meira, Wagner |
| 856 ## - ELECTRONIC LOCATION AND ACCESS |
| Uniform Resource Identifier |
<a href="http://www.loc.gov/catdir/enhancements/fy1304/2011276752-d.html">http://www.loc.gov/catdir/enhancements/fy1304/2011276752-d.html</a> |
| 856 ## - ELECTRONIC LOCATION AND ACCESS |
| Uniform Resource Identifier |
<a href="http://www.loc.gov/catdir/enhancements/fy1304/2011276752-t.html">http://www.loc.gov/catdir/enhancements/fy1304/2011276752-t.html</a> |
| 995 ## - RECOMMENDATION 995 [LOCAL, UNIMARC FRANCE] |
| -- |
CBU-MAIN LIBRARY (Kitwe) |
| -- |
45.14 |
| -- |
1 |
| -- |
AVAILABLE |
| -- |
Oct 15, 2018 |
| -- |
Main Library Open Access Collection |